000 01050nam a2200313 a 4500
001 000112736
003 CHAP
005 20220329144319.0
008 161021s2015 mx a |r| ||||||spa d
010 _a109197
011 _a110169
020 _a9786071204004
040 _cCHAP
082 0 4 _a333.7137097273
_bM82
100 1 _aMora Cabrera, Eloisa Amparo.
_9128671
245 1 3 _aLa lucha ecosocial contra la minería en la montaña de Guerrero :
_bdefendiendo el territorio en tiempos de despojo /
_cpor Eloisa Amparo Mora Cabrera.
260 _aChapingo, Méx. :
_bUACH. Sociología Rural,
_c2015.
300 _a190 p.
590 _aBATCH-UPD
_b10
_c20180928
_lUCH01
_h0925
590 _aE11695DGD
_b10
_c20170227
_lUCH01
_h1214
590 _aE5765TAJ
_b05
_c20161021
_lUCH01
_h0904
650 1 4 _aConflictos sociales
_zGuerrero.
_9128813
650 1 4 _aLuchas sociales.
_968873
650 1 4 _aMinas y recursos minerales
_xGuerrero.
_975912
650 1 4 _aTerritorios
_xAspectos sociales.
_9124651
901 _aBK
942 _cLIBRO
942 _n0
999 _c109197
_d109197